Sportifs français par image : G - Statistiques

Statistiques générales
  • Ce quiz a été pris 331 fois
  • Le résultat moyen est 9 sur 16
Statistiques - réponses
Par images Réponse % Correct
Antoine Griezmann
100%
Olivier Giroud
98%
Pierre Gasly
84%
Rudy Gobert
77%
Richard Gasquet
75%
Caroline Garcia
72%
David Ginola
67%
Mathilde Gros
63%
Fabien Galthié
62%
Romain Grosjean
61%
Joan-Benjamin Gaba
40%
Vincent Gérard
33%
Jean Galfione
27%
Jimmy Gressier
27%
Maxime Grousset
26%
Marie-Ève Gahié
12%
Aucun quiz correspondant
Distribution des résultats
% des personnes avec chaque résultat
Percentile par nombre de réponses
Votre historique - résultats
Vous n’avez pas pris ce quiz